El siglo XV

Zapisane w:
Opis bibliograficzny
1. autor: Zuffi, Stefano (Autor)
Format: Książka
Język:hiszpański
Wydane: Barcelona Electa 2005
Seria:Los Siglos del Arte
Hasła przedmiotowe:
Etykiety: Dodaj etykietę
Nie ma etykietki, Dołącz pierwszą etykiete!

MARC

LEADER 00000nam a2200000 a 4500
001 UCK5227
003 CL-VaPUC
008 050715e20050000SP |||||||||||||||||spa|d
020 |a 8481563854 
082 0 4 |a 709.024  |b ZUF  |2 21 
100 0 |a Zuffi, Stefano  |e author  |9 493959 
245 1 3 |a El siglo XV 
300 |a 381 p 
942 |c BK 
945 |d 20050715 00:00:00  |a jcarroza 
260 |a Barcelona  |b Electa  |c 2005 
500 |a Dividido en tres secciones: Palabras claves, lugares y protagonistas 
650 7 |a HISTORIA DEL ARTE SIGLO 15  |2 CL-VaPUC  |9 372719 
650 0 |a Arte renacentista   |9 264949 
583 |a last modification  |c 20150328 12:30:26  |k Rodrigo Vera 
490 0 |a Los Siglos del Arte 
999 |c 313859  |d 313857 
952 |0 0  |1 0  |4 0  |6 709_024000000000000_ZUF_2005  |7 0  |8 A  |9 385586  |a BIBHIS  |b BIBHIS  |d 2019-11-22  |i 4144953  |o 709.024 ZUF 2005  |p 4144953  |r 2025-01-20  |w 2019-11-22  |y BK  |k HIS 
952 |0 0  |1 0  |4 0  |6 709_024000000000000_ZUF_2005  |7 0  |8 A  |9 385587  |a BIBHIS  |b BIBHIS  |d 2019-11-22  |i 4216032  |o 709.024 ZUF 2005  |p 4216032  |r 2025-01-20  |w 2019-11-22  |y BK  |k HIS